| 000 | 00604nam a22001817a 4500 | ||
|---|---|---|---|
| 999 |
_c11879 _d11879 |
||
| 008 | 190111b ||||| |||| 00| 0 eng d | ||
| 020 | _a971-083-437-1 | ||
| 050 | _a3rd edition | ||
| 082 |
_2©1989 _aDFil 070.599 _bR145 |
||
| 100 |
_aRamirez, Jaime B. _933799 |
||
| 245 |
_aPhilippine journalism handbook/ _cJaime B. Ramirez |
||
| 260 |
_aManila: _bNational Book Store, _c©1989 |
||
| 300 |
_axxiv, 634 pages ; _c22 cm. |
||
| 500 | _aIncludes bibliographical references and index. | ||
| 650 |
_aJournalism _xHandbooks, manuals, etc. _zPhilippines _933800 |
||
| 365 |
_b300.00 _cPhp. |
||
| 942 |
_2ddc _cDFIL |
||